[Event "City of Adelaide"]
[Site "Adelaide"]
[Date "1999.07.20"]
[Round "1.1"]
[White "Kerr, Bill"]
[Black "Hester, David"]
[Result "1-0"]
[WhiteElo "1912"]
[BlackElo "1623"]
[Annotator "Fritz 5.00"]
[PlyCount "95"]
[EventDate "1999.07.20"]
[EventType "swiss"]
[EventRounds "9"]
[EventCountry "AUS"]

1. Nf3 Nf6 2. g3 g6 3. Bg2 Bg7 4. O-O d5 5. d3 {Reti Opening (Barcza System)}
O-O 6. Nbd2 c6 (6... Nc6 7. e4 (7. c3 a5 8. a4 b6 9. Qc2 e5 10. e4 dxe4 11.
Nxe4 Nxe4 12. dxe4 Ba6 13. Rd1 Qe7 14. Bh3 Rfd8 15. Bg5 Bf6 16. Be3 Rxd1+ 17.
Rxd1 Rd8 {1/2-1/2 Sher,M-Mikhalchishin,A/Ptuj 1993/EXP 38}) 7... dxe4 (7... e5
8. c3 a5 9. a4 Re8 10. exd5 Nxd5 11. Re1 Be6 12. Nc4 f6 13. Bd2 Qd7 14. Qc2
Rad8 15. Rad1 Qf7 16. Qb1 Bf8 17. Bc1 Kh8 18. Nfd2 Rd7 19. Bf1 Red8 20. Nf3
Nxc3 {0-1 Rosskothen,A-San Segundo,P/Berliner Sommer 1996/EXP 54}) 8. dxe4 Bg4
9. h3 Bxf3 10. Qxf3 Nd7 11. Nb3 Nde5 12. Qe2 Nd4 13. Nxd4 Qxd4 14. Rd1 Qc5 15.
Rd5 Qb6 16. c3 e6 17. Be3 Qc6 18. Rc5 Qd7 19. Rd1 Qc8 20. Bf4 f6 21. Bxe5 fxe5
22. h4 c6 23. Bh3 Kh8 24. Qg4 Rd8 25. Rf1 Rd2 26. Rxe5 Qd7 27. Rxe6 Rf8 28. Qg5
Rxb2 29. Qe3 Rc2 30. e5 Qd5 {(42) 1-0 Norwood,D-Antonio,R/Calcutta 1992/EXP 27}
) 7. e4 dxe4 8. dxe4 Nbd7 (8... a5 9. a4 Na6 10. Qe2 Nc5 11. e5 Nd5 12. Rd1 Qc7
13. h3 {1/2-1/2 Hulak,K-Todorcevic,M/Marseille 1987/TD 87\06}) (8... Re8 9. c3
Na6 10. Qc2 Bd7 11. Nb3 Qc8 12. Re1 Bh3 13. Bh1 h5 14. Bf4 Nd7 15. Ng5 Ndc5 16.
Nxh3 Qxh3 17. Bg2 Qg4 18. h4 Rad8 19. Rad1 Qc8 20. Be3 Nxb3 21. Qxb3 b6 22. Rd2
Rxd2 23. Bxd2 {Schulz,A-Hackbusch,J/DLMw 1996/1/2-1/2 (46)}) 9. Qe2 e5 10. b3
Qc7 $146 (10... Nb6 11. a4 a5 12. Ba3 Re8 13. Rad1 Qc7 14. h3 Be6 15. Ng5 Rad8
16. Nxe6 Rxe6 17. h4 c5 18. Qb5 Red6 19. Bxc5 Rxd2 20. Bxb6 Qxc2 21. Rc1 {
1-0 Kitagami,S-McDonald,T/USA-op Los Angeles 1991/TD 91\09}) 11. Bb2 Re8 12.
Rad1 b6 13. Nh4 Nc5 {The knight intends Nd7-c5-e6-d4} 14. Ba3 Ba6 15. c4 Ne6
16. Ndf3 c5 17. Bb2 Nd4 {The black knight is well posted.} 18. Nxd4 (18. Qd3
Rad8 $11) 18... exd4 {Black wins space} 19. Bc1 Bb7 {Will e4 fall?} 20. f3 {
Consolidates g4} h6 {Prevents intrusion on g5} 21. Bh3 Bc8 $11 (21... Rad8 22.
Ng2 $15) 22. Qg2 $15 (22. Bxc8 Raxc8 23. Ng2 a6 $11) 22... Bxh3 {
Black launches an attack} 23. Qxh3 Qd7 24. g4 $17 (24. Qxd7 Nxd7 25. Kf2 a6 $11
) 24... h5 25. Nf5 $2 $19 (25. Qg3 $142 hxg4 26. e5 $17) 25... gxf5 (25... hxg4
26. Nh6+ Bxh6 27. Qxh6 gxf3 28. Qf4 Rxe4 29. Qxf3 (29. Qxf6 $4 {
capturing the knight would seal White's fate} Qg4+ 30. Kh1 Qg2#) 29... Qg4+ 30.
Kh1 Qxf3+ 31. Rxf3 $19) 26. gxf5 Kf8 27. Rfe1 Qd6 28. Qh4 Qc6 29. e5 Nd7 30. f6
Nxf6 $17 (30... Nxe5 $5 31. fxg7+ Kxg7 32. Qg3+ Qg6 33. Kg2 $17) 31. exf6 Qxf6
32. Qxh5 Qg6+ $15 (32... d3 $5 33. Qd5 Rxe1+ 34. Rxe1 Rd8 $15) 33. Qg4 $17 (33.
Qxg6 fxg6 34. Kf2 Rxe1 35. Rxe1 Kf7 $11) 33... Qc2 34. Bf4 Qg6 $11 (34... d3
35. Kh1 Re6 $11) 35. Kf2 Qxg4 36. fxg4 Re6 37. Rxe6 fxe6 {
The passed pawn on g4 will quickly become a dangerous weapon} 38. Kf3 Kf7 39.
h4 Bf6 $16 (39... e5 40. Bc1 $14) 40. g5 Be7 41. Be5 (41. Kg4 Rg8 $16) 41...
Kg6 $18 (41... Rf8 $142 $5 $16) 42. Kg4 Rd8 (42... Kh7 43. h5 Rf8 44. Re1 $18)
43. h5+ Kh7 44. g6+ Kh6 45. Rf1 {Do you see the mate threat?} Rf8 46. Rxf8 $4
$16 {letting the wind out of his own sails} (46. Bf4+ $142 {secures victory}
Kg7 47. Re1 $18) 46... Bxf8 47. Bf6 d3 (47... Bd6 48. b4 $16) 48. Kf3 (48. Kf3
d2 49. Ke2 $18) 1-0

[Event "City of Adelaide"]
[Site "Adelaide"]
[Date "1999.07.20"]
[Round "1.2"]
[White "Yang, Song"]
[Black "Sheldrick, Kevin"]
[Result "0-1"]
[WhiteElo "1387"]
[BlackElo "1860"]
[Annotator "Fritz 5.00"]
[PlyCount "86"]
[EventDate "1999.07.20"]
[EventType "swiss"]
[EventRounds "9"]
[EventCountry "AUS"]

1. Nf3 Nc6 2. g3 e5 3. d3 d5 {Reti Opening (Dutch System)} 4. Bg2 f6 (4... f5
5. O-O Nf6 6. c4 dxc4 7. Qa4 Bd6 8. Qxc4 Qe7 9. Nc3 Be6 10. Qb5 O-O 11. Qxb7
Nb4 12. Qb5 Rab8 13. Qa4 h6 14. Bd2 Bd7 15. Qd1 Qe8 16. Ne1 e4 17. dxe4 fxe4
18. Be3 Qh5 19. Nxe4 {Hillarp Persson,T-Hector,J/Excelsior Cup Goteborg 1997/
CBM 57/[Tisdall]/1-0 (46)}) (4... Nf6 5. O-O Be7 6. Bg5 (6. c3 O-O 7. b4 e4 8.
Ne1 Bf5 9. d4 h6 10. Nc2 Qd7 11. Ne3 Bh3 12. f4 exf3 13. exf3 Rfe8 14. Qd3 Bxg2
15. Kxg2 a5 16. b5 Na7 17. a4 c6 18. bxc6 Qxc6 19. Rf2 b5 20. Rfa2 Bd8 21. axb5
Nxb5 22. Na3 Nd6 23. c4 Rxe3 24. Qxe3 dxc4 25. Nc2 Nd5 26. Qd2 c3 27. Qd3 Nc4
28. Ba3 Rb8 29. Bc5 Rb2 30. Kg1 Qb5 31. Rxb2 cxb2 32. Rb1 Qa4 33. Na3 Nde3 34.
Nxc4 Nxc4 35. Kg2 Bf6 36. h4 Qa2 37. h5 Nd2 38. Re1 Ne4 39. Kg1 g6 40. Qxe4 {
1-0 Barle,J-Tukmakov,V/Geneve op 1996/EXP 51}) 6... O-O 7. Nc3 Be6 8. e4 d4 9.
Ne2 Nd7 10. Bd2 a5 11. c3 dxc3 12. Bxc3 Bb4 13. d4 exd4 14. Nfxd4 Nxd4 15. Qxd4
Bxc3 16. Nxc3 c6 17. Rfd1 Qb6 18. Qxb6 Nxb6 19. Rd4 Rfd8 20. Rad1 Rxd4 21. Rxd4
Kf8 22. f4 f6 23. h4 Ke7 24. Kf2 h6 25. h5 Rd8 26. Rxd8 Kxd8 27. Bf3 Ke7 28. b3
Nd7 29. Ke3 b5 30. Be2 Kd6 31. Kd4 c5+ 32. Ke3 b4 33. Na4 Kc6 34. Kd2 Nb6 35.
Nxb6 Kxb6 36. Bc4 Bxc4 37. bxc4 Kc6 38. a4 Kd7 39. Kd3 {
White Lost On Time 0-1 Gufeld,E-Yermolinsky,A/London Lloyds 1994/EXP 43}) 5.
O-O Be6 6. Nbd2 Qd7 7. a3 $146 {Controls b4} (7. c4 Nge7 8. cxd5 Nxd5 9. Re1 h5
10. Ne4 O-O-O 11. Qa4 Nb6 12. Qc2 Bh3 13. Bh1 Be7 14. Nc5 Bxc5 15. Qxc5 h4 16.
a4 g5 17. a5 Nd5 18. b4 hxg3 19. fxg3 Ndxb4 20. Bd2 Nd5 21. Rec1 Nde7 {
Meyer,S-Bennedik,M/Hessen qual 1992/GER 02/1-0 (36)}) 7... O-O-O 8. e4 d4 {
This push gains space} 9. b4 Bh3 (9... g5 10. b5 Nb8 11. a4 $17) 10. Bxh3 (10.
b5 Nb8 $11) 10... Qxh3 11. Nc4 h5 12. b5 Nb8 13. a4 h4 14. a5 ({Weaker is} 14.
Nxh4 g5 15. Nf3 Ne7 $17) 14... Nh6 15. Bxh6 $15 (15. b6 a6 16. bxc7 Kxc7 17.
Bxh6 hxg3 (17... gxh6 $143 18. Nxh4 Rg8 19. Nf5 $16) (17... Rxh6 $6 18. Nxh4 g5
19. Nf3 $11) 18. fxg3 Rxh6 $15) 15... Rxh6 $11 (15... hxg3 16. fxg3 Rxh6 17. b6
$11) 16. b6 cxb6 17. axb6 ({Instead of} 17. Nxh4 b5 18. Nd2 g5 $17) 17... a6
18. Qd2 (18. Nxh4 g5 19. Nf3 Be7 $11) 18... Nd7 $11 (18... hxg3 19. fxg3 Nc6
20. Ra4 $15) 19. c3 $17 {Covers b4} (19. Nxh4 $142 $5 {deserves consideration}
Rxh4 20. gxh4 Qg4+ 21. Kh1 Qf3+ 22. Kg1 Qg4+ 23. Kh1 Qf3+ 24. Kg1 Qg4+ $11)
19... dxc3 $15 (19... hxg3 20. fxg3 dxc3 21. Qxc3 Bc5+ 22. Ne3 $17) 20. Qxc3 {
Threatening mate: Nd6.} Nc5 {Black gets in control} 21. Rfd1 $17 (21. Nb2 hxg3
22. fxg3 Kb8 $15) 21... Kb8 $15 (21... hxg3 $5 22. fxg3 Ne6 $17) 22. Ne3 $17 (
22. Nxh4 $5 Ne6 23. Ne3 $15) 22... hxg3 23. fxg3 Ne6 24. Ra5 $19 (24. Nf5 Bc5+
25. Kh1 Rh7 $17) 24... Rc8 25. Qd2 (25. Qb2 Bc5 26. Qf2 Bxe3 27. Qxe3 Rc2 $19)
25... Bc5 (25... Nd4 $142 $5 26. Nxd4 Bb4 27. Qg2 (27. Qxb4 $4 Qxh2+ 28. Kf1
Qh1+ 29. Kf2 Rh2+ 30. Ng2 Qxg2+ 31. Ke1 Qf2#) 27... Bxa5 28. Ndf5 Bxb6 29. d4
Bxd4 30. Nxd4 exd4 31. Rxd4 Qxg2+ 32. Kxg2 $19) 26. Rb1 $4 {
sad, but how else could White save the game?} (26. Ra2 $142 $19) 26... Ng5 {
Do you see the mate threat?} 27. Nxg5 Bxe3+ $1 {forces the win} (27... fxg5 $6
{is easily refuted} 28. Rxc5 Rxc5 29. Rf1 $19) 28. Qxe3 (28. Kh1 {
is still a small chance} Qxg3 29. Qg2 Qxg2+ 30. Kxg2 Rc2+ 31. Kf3 Bxg5 32. Rd5
$19) 28... Qxh2+ (28... fxg5 $6 {is a useless try} 29. Ra2 $11 (29. Rxe5 Qxh2+
30. Kf1 Qh3+ 31. Kf2 Rc2+ 32. Qd2 Rxd2+ 33. Ke1 Qxg3+ 34. Kxd2 Rh2+ 35. Kc3
Qxe5+ 36. Kb3 Qd4 37. e5 Qxd3+ 38. Kb4 Rh4+ 39. Kc5 Rc4#)) 29. Kf1 {#} Qh1+ $19
(29... Rc2 30. Nf3 Qg2+ 31. Ke1 Rh1+ 32. Ng1 Qxg1+ 33. Qxg1 Rxg1#) 30. Qg1 fxg5
(30... Rc2 $142 {and Black can celebrate victory} 31. Rd5 Kc8 (31... fxg5 $6 {
succumbs to} 32. Rd8+ Rc8 33. Rxc8+ Kxc8 34. Ke2 Qxg1 35. Rxg1 $19) 32. Rc5+
Rxc5 $19) 31. Ke2 Rc2+ $17 (31... Qh5+ 32. Kd2 g4 33. d4 $19) 32. Ke3 Qh5 $1 {
Black is still in the lead. Threatening mate... how?} 33. Qf1 $4 {
White has lost his nerve... understandable when you consider his position} (33.
Rxe5 $142 Qe2+ 34. Kd4 $19) 33... Rf6 {The mate threat is Rxf1} 34. Qd1 {#} (
34. Rd5 {hoping against hope} Rxf1 35. Rd8+ Rc8 36. Rxc8+ Kxc8 37. Rxf1 $19)
34... Qh2 (34... g4 35. Rxe5 Qh6+ 36. Kd4 Rd6+ 37. Rd5 Qf6+ 38. e5 Qf2+ 39. Ke4
Qg2+ 40. Kf4 Rf2+ 41. Ke3 Rxd5 42. Qxg4 Rd2 43. Qc8+ Kxc8 44. Rc1+ Kd8 45. Rc8+
Kxc8 46. Kf4 Rf2+ 47. Kg4 Qf3+ 48. Kh4 Rd4+ 49. Kg5 Qg4#) 35. Qe1 g4 {
The mate threat is Rf3} 36. Rxe5 Qh6+ (36... Rc8 $142 {
it becomes clear that Black will call all the shots} 37. Rc1 Rf3+ 38. Kd4 Qb2+
39. Qc3 Qxb6+ 40. Rc5 Rf7 $19) 37. Kd4 Rxb6 {With the decisive threat Qf6} 38.
Re8+ Ka7 {Threatening mate: Rd6} 39. e5 Qc6 40. Rh8 (40. Rxb6 Qxb6+ (40... Qxe8
{is not possible} 41. Rxb7+ Kxb7 42. Qb1+ Ka8 43. Qxc2 $16) (40... Kxb6 $6 41.
Qb4+ Ka7 42. Rd8 $15) 41. Ke4 Qg6+ 42. Kf4 Qxe8 43. Qe3+ Ka8 44. Kxg4 Qg6+ 45.
Kf4 Qf7+ 46. Ke4 Rf2 $19) 40... Qd7+ (40... Rxb1 41. Qxb1 Qc5+ 42. Ke4 Re2+ 43.
Kf5 Rxe5+ 44. Kxg4 $19) 41. Ke3 Qd5 {Threatening mate... how?} 42. Kf4 (42. Re8
{does not win a prize} Qf3+ 43. Kd4 Re2 44. Qxe2 Qxe2 (44... Rxb1 45. Qxf3 gxf3
46. Rf8 $11) 45. Rxb6 Qf2+ 46. Kd5 Kxb6 47. Re6+ Ka7 $19) 42... Qd4+ (42...
Rxb1 $5 {might be the shorter path} 43. Qe3+ Rc5 44. Kg5 $19) 43. Kg5 (43. Qe4
{cannot undo what has already been done} Qxe4+ 44. Kxe4 Rxb1 $19) 43... Re6 (
43... Re6 44. Rxb7+ Kxb7 45. Qe4+ Qxe4 46. dxe4 Rf2 $19) (43... Rxb1 $5 {
makes it even easier for Black} 44. Qe4 Rb4 45. Qxd4+ Rxd4 46. Rg8 $19) 0-1

[Event "City of Adelaide"]
[Site "Adelaide"]
[Date "1999.07.21"]
[Round "1.3"]
[White "Riches, L John"]
[Black "Brown, Cyril D"]
[Result "1-0"]
[WhiteElo "1720"]
[BlackElo "1272"]
[Annotator "Fritz 5.00"]
[PlyCount "93"]
[EventDate "1999.07.20"]
[EventType "swiss"]
[EventRounds "9"]
[EventCountry "AUS"]

1. d4 Nf6 2. c4 g6 3. Nc3 Bg7 4. Bg5 {King's Indian Defence (Smyslov's System)}
d6 5. Nf3 Nbd7 6. e3 O-O 7. Be2 c5 (7... a6 8. O-O Rb8 9. Qc2 c6 10. b4 (10. a4
b6 11. Nd2 Bb7 12. f4 Qc7 13. f5 b5 14. b4 bxc4 15. Bxc4 a5 16. fxg6 hxg6 17.
b5 cxb5 18. Nxb5 Qc6 19. Nb3 Ra8 20. Rac1 Qe4 21. Qe2 Nb6 22. Bxf6 exf6 23.
Nxd6 Qe7 24. Nxb7 Qxb7 25. Bb5 Qe7 26. Rc5 f5 27. Qf3 Ra7 28. Rfc1 Bh6 29. R1c3
Nd7 30. Bxd7 Qxd7 31. Rb5 Re8 32. Qg3 Raa8 33. h4 Qe7 34. Kh2 Bxe3 35. Rxf5 Bh6
36. h5 Qe6 37. Rcf3 Ra7 38. Rf6 Qe4 39. hxg6 fxg6 40. Nc5 Qxd4 41. Qxg6+ {
1-0 Kovacevic,V-Mellado,J/Palma de Mallorca GMA 1989/TD 89\13}) 10... b5 11. c5
a5 12. a3 d5 13. Rfb1 a4 14. Re1 Rb7 15. Rad1 h6 16. Bh4 Nh7 17. Bg3 f5 18. Nh4
Qe8 19. Nxd5 g5 20. Nxf5 Rxf5 21. Qxf5 Nb6 22. Qxh7+ Kxh7 23. Nxb6 Be6 24. d5
cxd5 25. Bf3 Rxb6 26. cxb6 Qc6 27. e4 d4 28. Bc7 g4 29. Rc1 Bc4 30. Be2 h5 31.
Bd3 h4 32. e5+ Kh8 33. Be4 Qd7 34. e6 Qc8 35. Bf4 {
1-0 Beim,V-Oratovsky,M/Tel Aviv Cup rapid 1996/EXP 52}) (7... e5 8. O-O h6 9.
Bh4 g5 10. Bg3 Nh5 $11 11. dxe5 Nxg3 12. hxg3 dxe5 13. Qc2 f5 14. Rad1 $6 c6
15. Nd2 h5 $5 16. e4 f4 17. gxf4 gxf4 18. Bxh5 Qh4 19. Bf3 $6 Nf6 20. Qb3 $6
Kh8 21. Rfe1 Ng4 $1 22. Bxg4 Bxg4 23. f3 Rad8 $1 24. Nf1 $6 Bxf3 $1 25. gxf3
Rg8 $19 26. Nh2 Bf8+ 27. Kh1 Bc5 28. Re2 Rd7 $1 29. Na4 Bf2 $1 {
0-1 Ruban,V-Polgar,J/Groningen PCA 1993/[Belov]}) 8. O-O b6 9. Qc2 $146 (9. h3
Bb7 10. d5 a6 11. a4 Qc7 12. e4 e6 13. Qd2 exd5 14. exd5 Rae8 15. Bd3 Bc8 16.
Rae1 Rxe1 17. Rxe1 Re8 18. Re2 Ne5 19. Nxe5 Rxe5 20. Rxe5 dxe5 21. f3 Ne8 22.
Be3 Nd6 23. Ne4 Nf5 24. a5 Nxe3 25. Qxe3 f5 26. axb6 Qxb6 27. Nf2 a5 28. Qe2
Qb4 29. Nd1 a4 30. g4 h5 31. gxf5 gxf5 32. Kg2 Qb6 33. Kh1 Qb3 34. Bc2 Qb4 35.
Kg2 Ba6 36. Bd3 Bc8 37. Qc2 Bd7 38. Bxf5 Bxf5 39. Qxf5 Qxc4 40. Qe6+ Kh7 41.
Nf2 Qc1 42. Qf5+ Kh6 43. d6 Qxb2 44. d7 Qd4 45. Qe6+ Kh7 46. Qe7 {
1-0 Bernei,A-Pesztericz,L/HUN-chT 1994/TD 94\03}) 9... Bb7 10. d5 {
White gains space} Re8 11. Rad1 a6 {Controls b5} 12. h3 {Covers g4} Qc7 13. Rd2
Rad8 14. Rfd1 Rb8 15. Bh4 Nh5 16. Ng5 Nhf6 17. f4 h6 18. Nf3 Nf8 19. Bg3 Bc8
20. Bh2 Qd7 21. a4 Qc7 22. e4 Bd7 $14 (22... N6d7 23. Bd3 $11) 23. e5 {
Playing against the pawn chain} Bf5 24. Qc1 $11 (24. Bd3 $5 Bxd3 25. Rxd3 $14)
24... Ne4 25. Nxe4 Bxe4 26. Re1 Bxf3 $14 (26... Nd7 27. Qc3 $11) 27. Bxf3 Rbd8
28. Rde2 f5 $14 (28... e6 29. Qc2 $11) 29. Qc2 $11 (29. exf6 Bxf6 30. f5 Kg7
$16) 29... Qd7 $14 (29... e6 30. exd6 Rxd6 31. Kh1 $11) 30. g4 {
White is in command} Kh8 $2 $18 (30... dxe5 $142 {and Black can hope to live}
31. fxe5 fxg4 32. Bxg4 e6 $16) 31. e6 Qb7 32. gxf5 Bd4+ (32... b5 33. axb5 axb5
34. b3 $18) 33. Kh1 gxf5 $4 {
a blunder in a bad position. White creates threats along the open g-file#} (
33... b5 $18) 34. Bh5 (34. Qxf5 Qc8 35. Rg2 Bf6 36. Reg1 Bg5 37. Rxg5 Qxe6 38.
dxe6 Nh7 39. Rg7 Nf6 40. Qg6 d5 41. Qxh6+ Nh7 42. Qxh7#) 34... Nh7 35. Bf7 (35.
Bxe8 $142 $5 {keeps an even firmer grip} Rxe8 36. Rg2 b5 37. Qxf5 bxc4 $18)
35... Nf6 (35... Rf8 36. Qxf5 b5 37. axb5 axb5 38. cxb5 Qxb5 $18) 36. Qxf5 Rg8
37. Bg1 Rg3 (37... b5 38. Bxg8 Rxg8 39. Bxd4 cxd4 40. Rg1 Rxg1+ 41. Kxg1 $18)
38. Bxd4 {Threatening mate... how?} cxd4 39. Kh2 Rg7 40. Qd3 (40. Rg1 $142 {
secures the point} Rxg1 41. Kxg1 $18) 40... Rf8 $2 (40... b5 41. cxb5 Nxd5 $18)
41. Qxd4 (41. Rg1 $142 {ends the debate} Rxg1 42. Kxg1 Qa8 $18) 41... b5 (41...
Qc7 42. b3 $18) 42. axb5 axb5 43. Rg1 $1 {surprise!} Rxg1 44. Qxg1 {
Threatening mate: Qg6} (44. Kxg1 $6 bxc4 45. Qxc4 Rc8 $14) 44... bxc4 (44...
Qc8 {no good, but what else?} 45. Qg6 Qxc4 46. Qxh6+ Nh7 $18) 45. Qg6 {
The mate threat is Qxh6} Qxd5 (45... Rxf7 {is not much help} 46. exf7 Qb8 47.
Qxh6+ Nh7 48. Qg6 Nf6 49. Rxe7 Qf8 50. Qxf6+ Kh7 51. Re6 c3 52. Qh4+ Kg7 53.
Qh6+ Kxf7 54. Qg6#) 46. Qxh6+ Nh7 47. Bg6 (47. Bg6 Rf7 48. exf7 Qxf7 49. Bxf7
e6 50. Rxe6 c3 51. Re8#) 1-0

[Event "City of Adelaide"]
[Site "Adelaide"]
[Date "1999.07.20"]
[Round "1.4"]
[White "Thiyagarajah, Anand"]
[Black "Djelaj, Pasko"]
[Result "1-0"]
[WhiteElo "1115"]
[BlackElo "1701"]
[Annotator "Fritz 5.00"]
[PlyCount "55"]
[EventDate "1999.07.20"]
[EventType "swiss"]
[EventRounds "9"]
[EventCountry "AUS"]

1. e4 c5 2. Nc3 Nc6 3. f4 d6 4. Nf3 e6 5. Bb5 g6 $14 (5... a6 6. Bxc6+ bxc6 7.
O-O Ne7 (7... Be7 8. e5 d5 9. d3 Nh6 10. Ng5 Bxg5 11. fxg5 Nf5 12. Qe1 Rb8 13.
Qf2 Qe7 14. Ne2 Rb4 15. c3 Rg4 16. h3 Rh4 17. Kh2 h6 18. g6 fxg6 19. g4 Rf8 20.
gxf5 Rxf5 21. Qg2 g5 22. Ng1 Rxe5 23. Qg3 Re2+ 24. Nxe2 {
1-0 Lai,W-Mohd Fadrus,Z/Kuala Lumpur op 1992/EXP 31}) 8. d3 Rb8 9. b3 g6 10.
Bb2 Bg7 11. Na4 Bxb2 12. Nxb2 O-O 13. Qe1 f6 14. Rd1 e5 15. Qg3 exf4 16. Qxf4
Be6 17. Rde1 Kg7 18. h4 Rb7 19. Na4 Nc8 20. Qg3 Kh8 21. Kh1 Qe7 22. c4 Qg7 23.
Qf2 Rbf7 24. Qd2 {1/2-1/2 Kaiser,H-Brix,G/Mannheim MB 1990/GER 04}) (5... Nf6
6. Bxc6+ (6. O-O Be7 7. d3 Qc7 8. Qe1 O-O 9. Bxc6 bxc6 10. e5 Nd5 11. Ne4 Nb4
12. Qf2 Ba6 13. a3 Nd5 14. c4 Nb6 15. exd6 Bxd6 16. Nxc5 Bxc5 17. Qxc5 Rad8 18.
Qe3 Nd7 19. b4 Nf6 20. Ne5 Nd7 21. Ng4 h5 22. Nf2 e5 23. Qg3 Rfe8 24. Bb2 f6
25. f5 c5 26. Qg6 Bb7 27. b5 e4 28. Nxe4 Bxe4 29. dxe4 Rxe4 30. Rae1 Ne5 31.
Qxh5 Rxe1 32. Rxe1 Nf7 33. Qe2 Qf4 34. Bc3 Qxf5 35. a4 Qd3 36. Qxd3 Rxd3 37.
Re8+ Kh7 38. Re7 Kg6 39. Be1 Ne5 40. Rxa7 Nxc4 {
Tay,J-Agus,S/Kuala Lumpur op 1992/EXP 31/1-0 (51)}) 6... bxc6 7. d3 Be7 8. O-O
O-O 9. e5 Ne8 10. Na4 f6 11. b3 fxe5 12. fxe5 dxe5 13. Bb2 e4 14. dxe4 Qxd1 15.
Raxd1 c4 16. Ne5 cxb3 17. Nxc6 Rxf1+ 18. Rxf1 Bf8 19. axb3 Bb7 20. Nd4 Bxe4 21.
Nxe6 Bd6 22. c4 Nf6 23. Nxg7 Ng4 24. h3 Ne5 25. Nh5 Bc2 26. Nf6+ Kg7 27. Ng4 {
1-0 Olesen,M-Molvig,H/Copenhagen 1995/EXP 45}) (5... Nf6 6. d3 $11) (5... Nge7
6. O-O a6 7. Be2 Nd4 8. Nxd4 cxd4 9. Nb1 g6 10. c4 Bg7 11. d3 O-O 12. b4 b5 13.
cxb5 axb5 14. Bb2 e5 15. fxe5 dxe5 16. Nd2 Be6 17. a3 Nc8 18. Bg4 Bxg4 19. Qxg4
Nb6 20. Nb3 Na4 21. Qe2 Qe7 22. Rfc1 Bh6 23. Rc2 Be3+ 24. Kh1 f5 25. Bc1 Bxc1
26. Rcxc1 Nc3 27. Qc2 fxe4 28. dxe4 Rf4 29. Nc5 Qf7 30. Qd3 Rf2 31. Re1 Rf8 32.
h3 Qe7 33. Qg3 Ne2 34. Qb3+ Kh8 35. Qe6 Qg5 36. Rg1 Nxg1 37. Rxg1 Rxg2 38. Rxg2
Rf1+ {0-1 Hector,J-Hjartarson,J/Gausdal zt 1987/CBM 04}) (5... Bd7 6. O-O Nf6
7. d3 Be7 8. e5 dxe5 9. fxe5 Ng4 10. Qe1 Nd4 11. Qg3 h5 12. h3 Bxb5 13. hxg4
Bc6 14. Nd2 Nxc2 15. Nde4 Qd4+ 16. Rf2 O-O-O 17. Ne2 Qd7 18. Rxf7 Bxe4 19. Bg5
Bxg5 20. Rxd7 Rxd7 21. dxe4 Be3+ {
0-1 Schultz Pedersen,J-Pedersen,S/Copenhagen op 1995/EXP 47}) 6. Bxc6+ $11 {
Sicilian defence (Grand Prix Attack) If playing this line it may be better to
delay Nc3 until after the Knight capture and playing c4 blockading the doubled
pawns. Ed.} (6. d4 $5 $14) 6... bxc6 {Prevents intrusion on b5+d5} 7. O-O Bg7
8. Qe1 Ne7 9. d3 O-O 10. Be3 a5 $14 (10... Rb8 11. Rb1 $11) 11. e5 {
This push gains space} a4 $16 (11... Nf5 $5 $14) 12. Ne4 (12. exd6 Qxd6 13. Ne5
Nd5 $16 (13... Bxe5 $2 14. Ne4 $18 (14. fxe5 $6 Qxe5 15. Bf2 Qxe1 16. Raxe1 Rd8
$14))) 12... dxe5 $18 (12... Nf5 $5 $16) 13. fxe5 c4 14. dxc4 Ba6 (14... Nf5
15. Bc5 Re8 16. g4 $18) 15. b3 (15. Bc5 Bxc4 16. Rf2 Nf5 17. Bxf8 Qxf8 18. Nf6+
Kh8 $18) 15... Qc7 16. Bc5 Rfd8 17. Bd6 $16 (17. Qf2 Re8 $18) 17... Qa7+ 18.
Qf2 Qxf2+ 19. Rxf2 Nf5 20. Rd1 h5 21. Rfd2 Bh6 22. Re2 Kg7 23. Kh1 Bc8 (23...
Ne3 24. Rd4 $16) 24. Nd4 Nxd4 $18 (24... Bb7 25. Nc5 Nxd4 26. Rxd4 axb3 27.
cxb3 $18 (27. Nxb7 $4 {White should leave the bishop alone} bxa2 28. Re1 a1=Q
$19)) 25. Rxd4 axb3 26. cxb3 Rd7 27. Nf6 Rb7 $4 {
an oversight. But Black was lost anyway.} (27... Rd8 $142 $18) 28. Bf8+ $3 {
giving up material to nicely decide the game} (28. Bf8+ Kh8 29. Bxh6 $18) 1-0